00301nam a2200133Ia 4500008004000000041000800040082001200048100001600060245002000076260004300096650000700139650001200146650000900158210210b1936 xxu||||| |||| 00| 0 eng d aeng a335/134 aHATCH (D S) aUp from poverty aBombaybOxford University Pressc1936 aUp apoverty afrom